Central Library OPAC University of Rajshahi

كعب بن زهير بن أبي سلمى : أحد فحول المخضرمين، وصاحب بانت سعاد في مدح النبي الأمين ;;Kaʻb ibn Zuhayr ibn Abī Sulamá : aḥad fuḥūl al-mukhaḍramīn, wa-ṣāḥib Bānit Suʻād fī madʹh al-Nabī al-Amīn! / (Record no. 78745)

MARC details
000 -LEADER
fixed length control field 01212aaa a2200241 a 4500
001 - CONTROL NUMBER
control field 78745
003 - CONTROL NUMBER IDENTIFIER
rucl marc code BD-RjUL
005 - DATE AND TIME OF LATEST TRANSACTION
control field 20211209083153.0
008 - FIXED-LENGTH DATA ELEMENTS--GENERAL INFORMATION
fixed length control field 211110s2002 su ||||| |||| 00| 0 ara d
035 ## - SYSTEM CONTROL NUMBER
System control number (BD-RjUL)78971
040 ## - CATALOGING SOURCE
Original cataloging agency BD-RjUL
Language of cataloging eng
Transcribing agency BD-RjUL
041 ## - LANGUAGE CODE
Language code of text/sound track or separate title ara
082 ## - DEWEY DECIMAL CLASSIFICATION NUMBER
Edition number 23
Classification number 892.714
Author mark and year SEK 2002
100 ## - MAIN ENTRY--PERSONAL NAME
Personal name سليم، محمد إبراهيم. ;; Selim, Mohamed Ibrahim.
9 (RLIN) 249499
245 ## - TITLE STATEMENT
Title كعب بن زهير بن أبي سلمى : أحد فحول المخضرمين، وصاحب بانت سعاد في مدح النبي الأمين ;;Kaʻb ibn Zuhayr ibn Abī Sulamá : aḥad fuḥūl al-mukhaḍramīn, wa-ṣāḥib Bānit Suʻād fī madʹh al-Nabī al-Amīn! /
Statement of responsibility, etc. محمد إبراهيم سليم. كعب بن زهير ;;Muḥammad Ibrāhīm Salīm
260 ## - PUBLICATION, DISTRIBUTION, ETC. (IMPRINT)
Place of publication, distribution, etc. Madīnat Naṣr, al-Qāhirah :
Name of publisher, distributor, etc. دار الطلائع،Dār al-Ṭalāʼiʻ,
Date of publication, distribution, etc. 2002
300 ## - PHYSICAL DESCRIPTION
Pagination 79 pages ;
Size 24 cm.
490 ## - SERIES STATEMENT
Series statement Shuʻarāʼ al-ʻArab wa-al-Islām.
500 ## - GENERAL NOTE
General note Kaʻb ibn Zuhayr ; Poets; Arabic poetry; biography; history and criticism.
600 ## - SUBJECT ADDED ENTRY--PERSONAL NAME
Personal name Kaʻb ibn Zuhayr.
General subdivision Qaṣīdat al-Burdah.
650 ## - SUBJECT ADDED ENTRY--TOPICAL TERM
Topical term or geographic name as entry element Qaṣīdat al-Burdah (Kaʻb ibn Zuhayr)
9 (RLIN) 249835
942 ## - ADDED ENTRY ELEMENTS (KOHA)
Source of classification or shelving scheme Dewey Decimal Classification
Koha item type Books
Holdings
Lost status Source of classification or shelving scheme Damaged status Not for loan Collection code Permanent Location Current Location Shelving location Date acquired Source of acquisition Cost, normal purchase price Total Checkouts Full call number Date last seen Copy number Koha item type
  Dewey Decimal Classification   Not For Loan Non-fiction Central Library, University of Rajshahi Central Library, University of Rajshahi Reading Room 18/11/2009 Ahsania Mission, Dhaka 300.00   A 892.714 SEK 2002 10/11/2021 C-1 Books